00377nam a2200157Ia 45000010006000000050017000060080041000230410008000640820016000721000036000882450041001242600009001653000029001746500008002036540008002112503220260414151123.0260414t2014||||xx |||||||||||||| ||spa|| aESP a346.1bV917 aVarsi Rospigliosi, EnriqueeAUT 0aTratado de derecho de las personasb c2014 a1101 páginas :c25 cm. aDER aCDE